000 00248nam a2200109Ia 4500
008 190914s9999||||xx |||||||||||||| ||und||
100 _a Lloyd L. Byars
245 0 _aSupervision
260 _aLondon
_bAddison
_c2000
300 _a1116
942 _cBK
999 _c8482
_d8482